Escudos de la Liga Santafesina de fútbol - Estadísticas

Estadísticas generales
  • Esta prueba ha sido intentada 13 veces
  • La puntuación promedio es 5 de 18
Estadísticas de respuestas
Imagen Respuesta % Correcto
Colón
75%
Gimnasia y Esgrima de Santa Fe
75%
Newell's Old Boys
75%
Unión de Sant Fe
75%
Independiente de Santo Tomé
63%
Colón de San Justo
38%
El Quillá
25%
San Justino
25%
Universidad Nacional del Litoral
25%
Ateneo Inmaculada
0%
Ciclón Racing
0%
El Pozo
0%
La Perla del Oeste
0%
La Salle Jobson
0%
Nacional
0%
Pucará
0%
San Cristóbal Central Gallardo
0%
Sportivo Guadalupe
0%
No se encontraron pruebas coincidentes
Distribución de puntuación
Porcentaje de gente con cada puntuación
Porcentaje por número respondido
Historial de tus puntuaciones
No has intentado esta prueba.